000 00335 a2200157 4500
001 60620
020 _a8532615147
040 _cAnchieta - Pituba
100 _aGentili, Pablo
240 1 0 _aPedagogia da exclusão
_lpor
245 1 0 _aPedagogia da exclusão
300 _a303
362 0 _a1999
650 4 _aEducação
942 _cBK
999 _c60620
_d60620